LEADER 01253nam2-2200361---450- 001 990005951800203316 005 20140610092910.0 010 $a978-88-222-6305-6 035 $a000595180 035 $aUSA01000595180 035 $a(ALEPH)000595180USA01 035 $a000595180 100 $a20140610d2014----km-y0itay50------ba 101 0 $aita 102 $aIT 105 $a||||||||001yy 200 1 $a<> arte della scienza$earchitettura e cultura militare a Torino e nelo stato sabaudo 1673-1859$fAmelio Fara 210 $aFirenze$cOlschki$d2014 215 $aXI, 270 p., [64] carte di tav.$d24 cm 225 2 $aBiblioteca dell'Archivum Romanicum$iSerie 1, Storia, letteratura, paleografia$v428 410 0$1001000282353$12001$aBiblioteca dell'Archivum Romanicum$iSerie 1, Storia, letteratura, paleografia$v, 428 606 0 $aArchitettura militare 676 $a725.18 700 1$aFARA,$bAmelio$039168 801 0$aIT$bsalbc$gISBD 912 $a990005951800203316 951 $aVI.3. Coll. 121/ 238$b245051 L.M.$cVI.3. Coll.$d355401 959 $aBK 969 $aUMA 979 $aALESSANDRA$b90$c20140610$lUSA01$h0927 979 $aALESSANDRA$b90$c20140610$lUSA01$h0929 996 $aArte della scienza$91070588 997 $aUNISA LEADER 00798cam0 2200265 450 001 E600200062497 005 20210514074722.0 100 $a20100330d1909 |||||ita|0103 ba 101 $ager 102 $aDE 200 1 $aGoethes Faust 210 $aLeipzig$cInselverlag$d1909 215 $a572 p.$d17 cm 225 2 $aGesamtausgabe 410 1$1001LAEC00015479$12001 $a*Gesamtausgabe 700 1$aGoethe$b, Johann Wolfgang : von$3AF00017461$4070$0151776 801 0$aIT$bUNISOB$c20210514$gRICA 850 $aUNISOB 852 $aUNISOB$j830$m739 912 $aE600200062497 940 $aM 102 Monografia moderna SBN 941 $aM 957 $a830$b000479$gSI$d739$racquisto$1beth$2UNISOB$3UNISOB$420100330094239.0$520210514074722.0$6bethb 996 $aGoethes Faust$995619 997 $aUNISOB